| 000 | 00865na a2200265 4500 | ||
|---|---|---|---|
| 001 | 20423 | ||
| 003 | MIRAKIL | ||
| 005 | 20181213154757.0 | ||
| 008 | 170119b tu 000 0 | ||
| 020 | _a9755124675 | ||
| 040 |
_aMilas _btur _cTR-AnCHP |
||
| 041 | _atur | ||
| 082 |
_a362.11 _bÖ93 2000 |
||
| 090 | _a362.11 Ö93 2000 | ||
| 245 |
_aÖzel hastaneler araştırması _bMevcut durum, sorunlar ve çözüm önerileri _chazırlayan Metin Yerebakan |
||
| 246 | _aMevcut durum, sorunlar ve çözüm önerileri | ||
| 260 |
_aİstanbul _bİstanbul Ticaret Odası _c2000 _fMega ajans |
||
| 300 |
_a169 _btbl. _c23 sm. |
||
| 440 |
_aİstanbul Ticaret Odası _v2000-26 |
||
| 504 | _aKaynakça var. | ||
| 650 |
_aHastaneler _xSorunlar |
||
| 710 | _aİstanbul Ticaret Odası (İTO) | ||
| 740 | _aMevcut durum, sorunlar ve çözüm önerileri | ||
| 942 |
_2ddc _cBKS |
||
| 999 |
_c672 _d672 |
||